000 01101nam a22002657a 4500
005 20240530110458.0
008 150618s2012 ua d g b 000 0dara d
017 _a2011/10657
_bمصر . دار الكتب المصرية
020 _a9789776298378
040 _aEG-CaGPL
082 0 4 _221
_a658.402\
_bم ف
100 0 _aمدحت محمد ابو النصر
245 1 0 _aفرق العمل الناجحة :
_bالبناء و النمو و الادارة لانجاز المهام بشكل افضل و اسهل /
_cتاليف مدحت محمد ابو النصر
250 _aط1
260 _aالقاهرة :
_bالمجموعة العربية للتدريب و النشر ،
_c2012 .
300 _a184 ص :
_bايض ؛
_c24 سم
504 _aببليوجرافية : ص 167 - 180
650 0 4 _aفريق العمل
650 0 4 _aالاجتماعات
650 0 4 _aالاجتماعات
_xتنظيم وادارة
650 0 4 _aالقادة الاداريون
_xمهارات
650 0 4 _aالقادة الاداريون
942 _2ddc
_cBK
999 _c61421
_d61421